Finančná analýza v rozhodovaní podniku

Saved in:
Bibliographic Details
Main Author: Majerník, Milan, 1956- (Author)
Format: Book
Language:Slovak
Published: Bratislava : STU v Bratislave, 2001
Subjects:
Tags: Add Tag
No Tags, Be the first to tag this record!

MARC

LEADER 00000nam a22000003a 4500
001 stu77601
005 20241029131959.4
008 021011s2001----xo------------------slo-d
020 |a 80-227-1514-X 
040 |a STU  |b slo 
041 0 |a slo 
044 |a xo 
080 |a 657.3 
100 1 |a Majerník, Milan,  |d 1956-  |4 aut  |u C240  |U FCHPT Fakulta chemickej a potravinárskej technológie  |T FCHPT Oddelenie manažmentu  |X 506  |U C240  |Y 130  |7 A000000506 
245 1 |a Finančná analýza v rozhodovaní podniku 
260 |a Bratislava :  |b STU v Bratislave,  |c 2001 
300 |a 117 s 
650 7 |a financie podniku  |2 stusub 
650 7 |a finančné analýzy  |2 stusub 
996 |b 284EK84621  |c E*84621  |l EE01  |s A  |a 24  |w stu77601_0002